000 01587cam a22004337a 4500
001 000092880
003 CHAP
005 20220329142909.0
008 050120d2004 mx d r 00110 spa d
010 _a89346
011 _a90318
035 _a100874
040 _cCHAP
090 _aTesis
100 0 0 _aSerrano Raya, Rubén.
_9105241
245 1 0 _aComercialización del ganado porcino en el municipio de Yuriria, Guanajuato /
_c/por Rubén Serrano Raya.
260 _aChapingo, Méx. :
_bEl autor,
_c2004.
300 _a47 h. :
_bcuadros.
502 _aTesis (Ing. Agr. Esp. en Zootecnia) -- UACH. Departamento de Zootecnia
590 _aALEPH
_b10
_c20130110
_lUCH01
_h1503
590 _aBATCH-UPD
_b10
_c20130110
_lUCH01
_h1851
590 _aBATCH-UPD
_b10
_c20130410
_lUCH01
_h1220
590 _aBATCH-UPD
_b10
_c20130914
_lUCH01
_h1523
590 _aBATCH-UPD
_b10
_c20140324
_lUCH01
_h1448
590 _aBATCH-UPD
_b10
_c20141002
_lUCH01
_h0824
590 _aCONVERSION
_b10
_c20130109
_lUCH01
_h1349
590 _aE792CSJ
_b10
_c20130625
_lUCH01
_h1433
650 1 4 _aGanado porcino
_xAspectos económicos.
_945334
650 1 4 _aGanado porcino
_xGuanajuato.
_945371
650 1 4 _aGanado porcino
_xMercadeo.
_945383
650 1 4 _aGanado porcino
_xProducción.
_945399
856 _3Finding aid
_uhttp://10.13.5.2/tesis/100874.pdf
_zTeclea aquí
901 _aBK
905 _aMarco A. Mendoza T.
942 _cCD
942 _n0
949 _aTesis
_bBC
_cTES
_d1008741
_eTS1
_gDonaciØn
_h43182
_i100874
_sb
949 _aTesis
_bBC
_cTES
_d33724000927356
_eTS2
_fc.2
_gDonaciØn
_h43183
_i100874
_sb
999 _c89346
_d89346